| 000 | 01791nam2a2200361 4500 | ||
|---|---|---|---|
| 001 | rc\2839313 | ||
| 005 | 20260615150908.0 | ||
| 035 | _a(NLR Aleph) 006996931 | ||
| 090 |
_a13731684 _c13731684 |
||
| 100 | _a20110629d1927 |||y0rusy50 ca | ||
| 101 | 0 | _arus | |
| 102 | _aRU | ||
| 105 | _ay z ||||| | ||
| 135 | _acrmn mmmanaba | ||
| 200 | 1 | _aСписок населенных мест Мелитопольского округа | |
| 210 | _d1927 | ||
| 325 | _aКопия доступна в Электрон. б-ке РНБ | ||
| 461 | 0 |
_1001rc\2839312 _12001#$aМатериалы № ... по статистике Мелитопольского округа$fУССР ЦСУ. Мелитоп. окр. стат. бюро$v№ 8 _95682348 _cМелитополь _d1927 _fУССР ЦСУ. Мелитоп. окр. стат. бюро _nОкр. стат. бюро _tМатериалы № ... по статистике Мелитопольского округа _v№ 8 |
|
| 801 | 0 |
_aRU _bNLR _gpsbo |
|
| 801 | 1 |
_aRU _bELAR _2rusmarc |
|
| 852 |
_aNLR _j96/2024(8) |
||
| 856 | 0 | _uhttp://vivaldi.nlr.ru/bx000075101/view | |
| 856 | 1 | _uhttp://vivaldi.nlr.ru/bx000075101/cover | |
| 856 | 2 | _uhttp://vivaldi.nlr.ru/bx000075101/text | |
| 942 | _cBOOK | ||
| 980 | _aMONB | ||
| 980 | _aNB | ||
| 981 | 2 | 2 |
_a(22) Материалы по истории России _b(22) Территория |
| 981 | 2 | 2 |
_a(22) Материалы по истории России _b(22) Материалы по отдельным регионам |
| 981 | 2 | 2 |
_a(22) Материалы по истории России _b(22) История России до 25 октября (7 ноября) 1917 года |